000 00763cam a2200253 a 4500
008
020 _a0273630083 (pbk.)
049 _aMAIN
090 _aHG4026
_bWAT
100 1 _aWatson, Denzil.
245 1 0 _aCorporate finance :
_bprinciples & practice /
_cDenzil Watson and Tony Head.
260 _aLondon :
_bPitman Publishing,
_c1998.
300 _axii, 465 p. :
_bill. ;
_c24 cm.
500 _aIncluces bibliographical references.
504 _aIncludes index.
650 0 _aCorporations
_xFinance.
650 0 _aBusiness enterprises
_xFinance.
700 1 _aHead, Antony.
907 _a.b10236429
_b20-07-12
_c09-03-07
003
005 20230123134413.0
040 _cNUST
942 _cBOOKS
_kHG4026
_mWAT
999 _c165331
_d165331